[Event "Reggio Emilia8889"]
[Site "Reggio Emilia"]
[Date "1988.??.??"]
[Round "?"]
[White "Damljanovic, Branko"]
[Black "Georgiev, Kiril"]
[Result "1/2-1/2"]
[WhiteElo "2565"]
[BlackElo "2595"]

1.Nf3 d5 2.g3 Nf6 3.Bg2 c6 4.O-O Bg4 5.d3 Nbd7 6.Nbd2 e5 7.h3 Bh5 8.e4 Bd6
9.Qe1 O-O 10.Nb3 Re8 11.Nh4 Bf8 12.a4 dxe4 13.dxe4 a5 14.Bd2 b6 15.Bc3 Nc5
16.Nxc5 Bxc5 17.Nf3 Bd4 18.Bxd4 Bxf3 19.Bc3 Bxg2 20.Kxg2 Qe7 21.Qe3 c5 22.Rfd1 Rad8
23.Qg5 Rd6 24.f3 h6 25.Qe3 Nh5 26.Rxd6 Qxd6 27.Kh2 Rd8 28.Rg1 Nf6 29.Rg2 Qe6
30.Rd2 Rd7 31.b3 Kf8 32.g4 Ke7 33.Kg3 Rxd2 34.Qxd2 Nd7 35.Qe2 Qd6 36.Bd2 c4
37.Be3 Qb4 38.Qd1 Qc3 39.Bf2 g6 40.h4 g5 41.hxg5 hxg5 42.Kg2 f6 43.Kf1 Nc5
44.Bxc5+ bxc5 45.Ke2 cxb3 46.cxb3 Qb2+ 47.Ke3 Qd4+ 48.Ke2 Kd6 49.Qc2 c4 50.Qxc4 Qxc4+
51.bxc4 Kc5 52.Kd3 Kb4 53.c5 Kxc5 54.Kc3 Kb6 55.Kb3  1/2-1/2

[Event "Reykjavik op"]
[Site "Reykjavik"]
[Date "1988.??.??"]
[Round "?"]
[White "Agustsson, Johannes"]
[Black "Hardarson, Robert"]
[Result "1-0"]
[WhiteElo "2285"]
[BlackElo "2295"]

1.Nf3 d5 2.g3 c5 3.Bg2 Nc6 4.c4 e6 5.O-O Nf6 6.b3 Be7 7.Bb2 O-O 8.e3 a6 9.d3 b5
10.Na3 Qb6 11.Qe2 Bb7 12.Rfd1 Rfd8 13.Rab1 Nb4 14.h3 h6 15.Kh2 Rac8 16.Ra1 dxc4
17.dxc4 Be4 18.Ne5 Rxd1 19.Rxd1 Bxg2 20.Kxg2 Rb8 21.Ng4 Qb7+ 22.Kg1 Nxg4
23.Qxg4 Bf8 24.Rd3 Nc6 25.Qe4 Nb4 26.Qf4 Rc8 27.Ba1 Nc6 28.Qf3 b4 29.Nc2 a5
30.Qd1 Rc7 31.Ne1 a4 32.Nf3 axb3 33.axb3 Na5 34.Rd8 Rc8 35.Rd7 Qe4 36.Ne5 f6
37.Ng4 Qg6 38.Bb2 h5 39.Nh2 Nc6 40.Nf3 Qe8 41.Rb7 Rd8 42.Qc2 Ne7 43.Nh4 Qc6
44.Ra7 Nf5 45.Ng2 Qf3 46.Ra1 h4 47.g4 Ne7 48.Nf4 e5 49.Ne6 Rc8 50.Ra7 Qc6
51.Nxf8 Kxf8 52.Qd3 Kf7 53.g5 Rc7 54.g6+ Ke6 55.Rxc7 Qxc7 56.Qe4 Qd6 57.Qg4+ f5
58.Qxh4 Qd1+ 59.Kg2 Qxb3 60.Bxe5 Qxc4 61.Qxc4+  1-0

[Event "Riga"]
[Site "Riga"]
[Date "1988.??.??"]
[Round "?"]
[White "Ragozin, Evgeni"]
[Black "Malevinsky, Alexander A"]
[Result "1/2-1/2"]
[WhiteElo "2275"]
[BlackElo "2385"]

1.Nf3 d5 2.g3 Nf6 3.Bg2 c5 4.O-O Nc6 5.d3 e6 6.Nbd2 Be7 7.e4 O-O 8.Re1 Bd7
9.Nf1 b5 10.e5 Ne8 11.h4 f5 12.exf6 Bxf6 13.N1h2 Nd6 14.Ng4 Nf7 15.c3 e5
16.Nfh2 d4 17.Qb3 Rc8 18.c4 Na5 19.Qc2 bxc4 20.dxc4 Bc6 21.Bd2 Bxg2 22.Bxa5 Qxa5
23.Kxg2 Qb6 24.b3 Rfe8 25.f3 Nd6 26.Re2 h5 27.Nf2 e4 28.Rae1 d3 29.Nxd3 exd3
30.Qxd3 Qc6 31.Rxe8+ Rxe8 32.Rxe8+ Nxe8 33.Qg6 Qe6 34.Qxh5 Bd4 35.f4 Nf6
36.Qf3 Qe4 37.Qxe4 Nxe4 38.Kf3 Nd2+ 39.Ke2 Ne4 40.Kf3 Nc3 41.a4 Na2 42.g4 Nc1
43.Ke4 Nxb3 44.Nf3 Bf2 45.h5 Kf7 46.g5 Na5 47.Ne5+ Kg8  1/2-1/2

[Event "Riga"]
[Site "Riga"]
[Date "1988.??.??"]
[Round "?"]
[White "Pigusov, Evgeny"]
[Black "Savchenko, Stanislav"]
[Result "1/2-1/2"]
[WhiteElo "2530"]
[BlackElo "2480"]

1.Nf3 d5 2.g3 c6 3.Bg2 Bg4 4.c4 e6 5.b3 Nd7 6.Bb2 Ngf6 7.O-O Bd6 8.d4 O-O
9.Nbd2 a5 10.a3 h6 11.Ne5 Bf5 12.f4 Ne4 13.g4 Nxd2 14.Qxd2 Bh7 15.Nxd7 Qxd7
16.e3  1/2-1/2

[Event "Riga"]
[Site "Riga"]
[Date "1988.??.??"]
[Round "?"]
[White "Pigusov, Evgeny"]
[Black "Klovans, Janis"]
[Result "1/2-1/2"]
[WhiteElo "2530"]
[BlackElo "2400"]

1.Nf3 d5 2.g3 Nf6 3.Bg2 e6 4.O-O Be7 5.d4 O-O 6.c4 dxc4 7.Qa4 a6 8.Qxc4 b5
9.Qc2 Bb7 10.Bd2 Be4 11.Qc1 Bb7 12.Qc2 Be4 13.Qc1 Bb7 14.Qc2  1/2-1/2

[Event "Riga"]
[Site "Riga"]
[Date "1988.??.??"]
[Round "?"]
[White "Karasev, Vladimir I"]
[Black "Savchenko, Stanislav"]
[Result "1/2-1/2"]
[WhiteElo "2330"]
[BlackElo "2480"]

1.Nf3 d5 2.g3 c6 3.Bg2 Bg4 4.h3 Bh5 5.O-O Nd7 6.d3 Ngf6 7.Nbd2 e6 8.Qe1 Be7
9.e4 O-O 10.Nh2 dxe4 11.dxe4 e5 12.Nc4 b5 13.Ne3 Bg6 14.Nf5 Bxf5 15.exf5 Qc7
16.a4 b4 17.a5 Rfe8 18.Qe2 e4 19.Rd1 Qe5 20.g4 Bd6 21.Nf1 Nc5 22.Be3 Nd5
23.Bd4 Qe7 24.Qc4 b3 25.cxb3 Rab8 26.Bxc5 Bxc5 27.Rac1 Bxf2+ 28.Kxf2 e3+
29.Kg1 e2 30.Re1 exf1=Q+ 31.Qxf1 Qb4 32.f6 Nxf6 33.Bxc6 Rxe1 34.Qxe1 Qxb3
35.Qc3 Qe6 36.Re1 Qd6 37.Qe5 Qd8 38.g5 Nh5 39.Qxb8 Qxb8 40.Re8+ Qxe8 41.Bxe8 Nf4
42.Bd7 Nd3 43.Bb5 Nxb2 44.Kf2 Kf8 45.Ke3 Ke7 46.Kd4 Kd6 47.Be8 f6 48.gxf6 gxf6
49.Bb5 h6 50.h4 f5 51.a6 Ke6 52.Bc6 Nd1 53.Bb7 Kf6 54.Bc8 Nf2 55.Ke3 Nh3
56.Kd4 Nf4 57.Kc5 Ng2 58.Kd6 Nxh4 59.Kc7 Ke5 60.Kb8 Kd6 61.Kxa7 Kc7 62.Ka8 f4
63.Bg4 Ng6 64.Bh5 Ne5 65.Be2 Nc6 66.Bf3 Nb4 67.Ka7 Nc2 68.Be2 Nd4 69.Ka8 Nb3
70.Ka7 Nc5 71.Bf3 Na4 72.Be2 Nc3 73.Ka8 Ne4 74.Ka7 Ng5 75.Ka8 Nf7 76.Ka7 Nd6
77.Ka8 Nc8 78.Bg4 Nb6+ 79.Ka7 Na4 80.Be2 Nc5 81.Bf3 Nd7 82.Be2 Ne5 83.Ka8 Nc6
84.Bf3 Nb4 85.Ka7 Na2 86.Be2 Nc3 87.Ka8 Nd5 88.Ka7 Ne7 89.Ka8 Kb6 90.Kb8 Nc6+
91.Kc8 Nd4 92.Kb8 Nc6+ 93.Kc8 Ka7 94.Kd7 f3 95.Bf1 Nd4 96.Kd6 Ne2 97.Ke5 h5
98.Ke4 Ng3+ 99.Kxf3 Nxf1 100.Kf4 Kxa6 101.Kg5 Ng3 102.Kh4  1/2-1/2

[Event "Rome"]
[Site "Rome"]
[Date "1988.??.??"]
[Round "?"]
[White "Todorcevic, Miodrag"]
[Black "Lukacs, Peter"]
[Result "1-0"]
[WhiteElo "2475"]
[BlackElo "2490"]

1.Nf3 d5 2.g3 Nf6 3.Bg2 c6 4.d3 Bg4 5.Nbd2 e6 6.O-O Be7 7.h3 Bh5 8.e4 O-O
9.Qe2 Nbd7 10.Re1 a5 11.e5 Ne8 12.Nf1 Nc7 13.g4 Bg6 14.Ng3 h6 15.Bf4 b5 16.Qd2 c5
17.g5 hxg5 18.Nxg5 c4 19.h4 Bb4 20.c3 Be7 21.d4 Ra6 22.h5 Bd3 23.Nh3 Re8
24.Bg5 Rb6 25.Qf4 f6 26.exf6 gxf6 27.Bh4 Bd6 28.Qf3 Bh7 29.Nf4 Kf7 30.Re3 Rg8
31.Rae1 Nf8 32.Nh3 Be7 33.Ng5+ Ke8 34.Nxh7 Nxh7 35.Kf1 Ng5 36.Qe2 Kd7 37.f4 Kc8
38.Nf5 Bf8 39.fxg5 fxg5 40.Bg3 exf5 41.Bxc7 Kxc7 42.Re5 Bd6 43.Rxd5 f4 44.Rxb5 Rxb5
45.Qxc4+ Kb6 46.Qc6+ Ka7 47.Qxb5 Qc7 48.Re6 f3 49.Bxf3 Rf8 50.Qd5 g4 51.Rxd6  1-0

[Event "Saint John op-1"]
[Site "Saint John"]
[Date "1988.??.??"]
[Round "?"]
[White "Dizdar, Goran"]
[Black "Kristensen, Bjarke"]
[Result "1-0"]
[WhiteElo "2490"]
[BlackElo "2300"]

1.Nf3 d5 2.g3 c6 3.Bg2 Nf6 4.O-O h6 5.d3 Bf5 6.c4 e6 7.cxd5 exd5 8.Nc3 Be7
9.Qb3 Nbd7 10.Be3 b5 11.Nd4 Nc5 12.Qc2 Bd7 13.Nxc6 Bxc6 14.Nd1 Rc8 15.Bxc5 d4
16.Bxe7 Bxg2 17.Bxd8 Rxc2 18.Bxf6 Bxf1 19.Bxg7 Rh7 20.Bxd4 Bxe2 21.Ne3 Rd2
22.Re1 Bxd3 23.Ng4+ Kd8 24.Bc3 Rc2 25.Rd1  1-0

[Event "Saint John op-2"]
[Site "Saint John"]
[Date "1988.??.??"]
[Round "?"]
[White "Basanta, Gary"]
[Black "O'Donnell, Tom"]
[Result "0-1"]
[WhiteElo "2215"]
[BlackElo "2340"]

1.Nf3 d5 2.g3 Nf6 3.Bg2 c6 4.d3 Bf5 5.O-O e6 6.Nbd2 Be7 7.Re1 O-O 8.b3 a5
9.a4 Na6 10.Bb2 Nc5 11.Ne5 h6 12.h3 Qc7 13.f4 Bh7 14.e3 Ne8 15.Ndf3 Nd6 16.Ba3 Na6
17.Kh2 Rad8 18.Qe2 c5 19.Bb2 Nb4 20.Rac1 f6 21.Ng4 Nf5 22.Nf2 Bd6 23.Nh1 h5
24.Kg1 Rfe8 25.e4 dxe4 26.dxe4 Nd4 27.Nxd4 cxd4 28.Bxd4 h4 29.c3 Bc5 30.Qe3 Nc2
31.Rxc2 Bxd4 32.cxd4 Qxc2 33.gxh4 Rc8 34.Re2 Rc3 35.Rxc2 Rxe3 36.Nf2 Rxb3
37.Rc7 Rb4 38.Rd7 Rxa4 39.h5 Kf8 40.Nd3 Ra1+ 41.Kh2 Ra2 42.f5 exf5 43.e5 f4
44.Nxf4 fxe5 45.Ng6+ Bxg6 46.hxg6 exd4 47.Rf7+ Kg8 48.Rd7 a4 49.Kg3 Rxg2+
50.Kxg2 a3 51.Rxb7 d3 52.Rb1 Rc8 53.h4 a2 54.Rd1 d2 55.h5 Ra8 56.h6 gxh6  0-1

[Event "Saint John op-1"]
[Site "Saint John"]
[Date "1988.??.??"]
[Round "?"]
[White "Dizdar, Goran"]
[Black "O'Donnell, Tom"]
[Result "1-0"]
[WhiteElo "2490"]
[BlackElo "2340"]

1.Nf3 d5 2.g3 Nf6 3.Bg2 c6 4.O-O Bf5 5.d3 h6 6.c4 dxc4 7.Ne5 Nbd7 8.Nxc4 e5
9.b4 Qc7 10.Qb3 Be7 11.b5 cxb5 12.Qxb5 Rb8 13.Be3 a6 14.Qa5 Bd8 15.Qxc7 Bxc7
16.a4 e4 17.dxe4 Bxe4 18.a5 O-O 19.Nbd2 Bxg2 20.Kxg2 Nd5 21.Ba7 Ra8 22.Bd4 b5
23.axb6 N5xb6 24.Rfc1 Rfe8 25.e3 Re6 26.Na5 Be5 27.Nf3 Bxd4 28.Nxd4 Re5 29.Ra3 Kf8
30.Nac6 Ree8 31.Rca1 Nc5 32.Nb4 Re7 33.Ra5 Nbd7 34.Nxa6 Nb7 35.R5a2 g6 36.Nc6 Re4
37.Nc5  1-0

[Event "Saint John op-2"]
[Site "Saint John"]
[Date "1988.??.??"]
[Round "?"]
[White "Vaganian, Rafael A"]
[Black "Semkov, Semko"]
[Result "1-0"]
[WhiteElo "2625"]
[BlackElo "2470"]

1.Nf3 d5 2.g3 e6 3.Bg2 Bd6 4.O-O Ne7 5.c4 c6 6.Qc2 e5 7.d3 a6 8.b3 f6 9.Nbd2 Be6
10.e4 O-O 11.d4 Nd7 12.Bb2 dxe4 13.Nxe4 Bf5 14.dxe5 Nxe5 15.Nd4 Bg4 16.h3 c5
17.hxg4 cxd4 18.Bxd4 Bc7 19.Rad1 Qc8 20.Bc5 Re8 21.g5 N7c6 22.gxf6 Qf5 23.f4 Nf7
24.Rd5 Qg6 25.Rd7  1-0

[Event "Wch-blitz"]
[Site "Saint John"]
[Date "1988.??.??"]
[Round "1"]
[White "Nogueiras, Jesus"]
[Black "Petursson, Margeir"]
[Result "1-0"]
[WhiteElo "2560"]
[BlackElo "2540"]

1.Nf3 d5 2.g3 Bg4 3.Bg2 c6 4.c4 Nf6 5.Ne5 e6 6.Nxg4 Nxg4 7.h3 Nf6 8.b3 Nbd7
9.Bb2 Bd6 10.O-O h5 11.d3 Be5 12.d4 Bc7 13.h4 O-O 14.Nd2 Re8 15.e3 g6 16.a3 e5
17.cxd5 cxd5 18.Rc1 e4 19.Qe2 a6 20.b4 Bd6 21.Nb3 Nb6 22.Na5 Qd7 23.Nb3 Nc4
24.Nc5 Qc6 25.Rfd1 b6 26.Nb3 a5 27.bxa5 Qb5 28.Qc2 bxa5 29.Ba1 Rab8 30.Nc5 Nxa3
31.Qa2 Nc4 32.Bf1 a4 33.Rxc4 dxc4 34.Bxc4 Qb4 35.Bxf7+ Kg7 36.Bxe8 Rxe8 37.Rb1 Qa5
38.Rb7+ Kh6 39.Qf7 Re7 40.Rxe7 Bxe7 41.Ne6 Ne8 42.Qxe7 Qb5 43.Qf8+  1-0

[Event "Sarajevo"]
[Site "Sarajevo"]
[Date "1988.??.??"]
[Round "?"]
[White "Ninov, Kiril"]
[Black "Kovacevic, Vlatko"]
[Result "1/2-1/2"]
[WhiteElo "2495"]
[BlackElo "2515"]

1.Nf3 d5 2.g3 c6 3.Bg2 Bg4 4.c4 e6 5.cxd5 exd5 6.h3 Bh5 7.O-O Bc5 8.Nc3 Ne7
9.d3 O-O 10.e4 Na6 11.a3 Bb6 12.Na4 Bc7 13.b4 b5 14.Nc5 Nxc5 15.bxc5 f6 16.Bb2 Qd7
17.g4 Bg6 18.Nd4 Bf7 19.f4 Ng6 20.Qd2 a5 21.Qe3 Rad8 22.Rae1 Rfe8 23.Rf2 Bb8
24.Nf5 Ne7 25.Nd4 dxe4 26.dxe4 a4 27.g5 fxg5 28.Qc3 Qxd4 29.Qxd4 Rxd4 30.Bxd4 gxf4
31.e5 Nd5 32.Bxd5 Bxd5 33.Rxf4 Bc7 34.Rf2 Bd8 35.Rf4 Re6 36.Kh2 h6 37.h4 g5
38.hxg5 hxg5 39.Rf2 Rh6+ 40.Kg3 Rh4 41.Bb2 Be7 42.e6 Bxc5 43.Rf7 Bd6+ 44.Be5 Rh1
45.Rg7+ Kf8 46.Rf7+ Kg8 47.Rg7+ Kf8 48.Rf7+ Kg8 49.Rg7+  1/2-1/2

[Event "Sarajevo"]
[Site "Sarajevo"]
[Date "1988.??.??"]
[Round "?"]
[White "Popchev, Milko"]
[Black "Dizdar, Goran"]
[Result "1-0"]
[WhiteElo "2470"]
[BlackElo "2490"]

1.Nf3 d5 2.g3 Bg4 3.Bg2 Nd7 4.c4 e6 5.b3 Ngf6 6.O-O c6 7.Bb2 a5 8.Nc3 Bc5
9.d4 Bd6 10.Re1 O-O 11.e4 dxe4 12.Nxe4 Bb4 13.Nc3 Re8 14.a3 Bf8 15.h3 Bh5
16.g4 Bg6 17.Nh4 Qb6 18.Nxg6 hxg6 19.Qc2 Rad8 20.Rad1 Qc7 21.Re2 Bd6 22.Rde1 Kf8
23.Ne4 Bh2+ 24.Kf1 Nxe4 25.Bxe4 Nf6 26.Bf3 Kg8 27.Kg2 Bf4 28.Qc3 g5 29.Qc2 Nh7
30.b4 axb4 31.axb4 Bd6 32.Qb3 Re7 33.b5 cxb5 34.Qxb5  1-0

[Event "Schoeneck op"]
[Site "Schoeneck"]
[Date "1988.??.??"]
[Round "6"]
[White "Degenhardt, Horst"]
[Black "Schebler, Gerhard"]
[Result "1-0"]
[WhiteElo "2275"]
[BlackElo "2300"]

1.Nf3 d5 2.g3 c6 3.Bg2 Nf6 4.d3 Bf5 5.c3 h6 6.Qb3 Qc8 7.Nbd2 e6 8.O-O Be7
9.c4 O-O 10.Nd4 Bh7 11.cxd5 exd5 12.e4 Nbd7 13.Re1 Re8 14.Qc2 Nc5 15.b3 a5
16.a3 Qc7 17.Bb2 Qb6 18.Qc3 Bf8 19.Nf5 Bxf5 20.exf5 Rxe1+ 21.Rxe1 Re8 22.Rxe8 Nxe8
23.d4 Nd7 24.Qd3 Nd6 25.Bf3 Nf6 26.Bd1 Nde4 27.Bc2 Qd8 28.f3 Nxd2 29.Qxd2 Bd6
30.Qe3 Qf8 31.a4 Ba3 32.Bc3 Bb4 33.Bb2 Ba3 34.Bc3 Bb4 35.Bb2 b6 36.Kg2 Ba3
37.Bc3 Bb4 38.Bb2 Ba3 39.Bc3 Bb4 40.Bb2 Qd6 41.Bd3 Qd8 42.Qe2 Bd6 43.Bc1 Qc7
44.Bd2 Kf8 45.Bc1 Nd7 46.Bb2 Qd8 47.Qc2 Qc7 48.Qe2 Nf6 49.Bc1 h5 50.Bg5 Nh7
51.f4 Nxg5 52.fxg5 Qe7 53.Qxh5 Qe3 54.Qh8+ Ke7 55.f6+ gxf6 56.gxf6+ Ke6  1-0

[Event "Schoeneck op"]
[Site "Schoeneck"]
[Date "1988.??.??"]
[Round "10"]
[White "Gutman, Lev"]
[Black "Schmitzer, Klaus"]
[Result "1-0"]
[WhiteElo "2490"]
[BlackElo "2345"]

1.Nf3 d5 2.g3 Nc6 3.d4 Bf5 4.Bg2 e6 5.O-O Be7 6.c4 Bf6 7.cxd5 exd5 8.Nc3 Nge7
9.Bg5 Bxg5 10.Nxg5 O-O 11.Rc1 Qd6 12.a3 Qf6 13.Nf3 Bg4 14.e3 Na5 15.b4 Nb3
16.Rc2 a5 17.h3 Bh5 18.Rb2 a4 19.g4 Bg6 20.Ne5 Qd6 21.Nxa4 Rxa4 22.Rxb3 Rfa8
23.Qc1 f6 24.Nxg6 hxg6 25.Qc3 c6 26.Qd3 Kf7 27.Rc1 Nc8 28.Rc5 Na7 29.b5 b6
30.bxc6 bxc5 31.Rb7+ Ke8 32.Qxg6+ Kd8 33.Qxg7 Kc8 34.Qg8+  1-0

[Event "URS-FL56"]
[Site "Simferopol"]
[Date "1988.??.??"]
[Round "?"]
[White "Yermolinsky, Alex"]
[Black "Savchenko, Stanislav"]
[Result "1-0"]
[WhiteElo "2460"]
[BlackElo "2480"]

1.Nf3 d5 2.g3 c6 3.Bg2 Bg4 4.O-O Nd7 5.d3 Bxf3 6.Bxf3 Ngf6 7.e4 dxe4 8.dxe4 e5
9.Nd2 Bc5 10.Nc4 Qe7 11.Bg5 h6 12.Bd2 O-O 13.a3 b5 14.Na5 Qe6 15.Qe2 Bb6
16.Rfd1 Nc5 17.Bb4 Rfe8 18.Rac1 a6 19.Kg2 Rac8 20.c4 Bxa5 21.Bxc5 Red8 22.b4 Rxd1
23.Qxd1 Bc7 24.a4 Rb8 25.h3 bxc4 26.a5 h5 27.Qe2 Nd7 28.Rxc4 Nxc5 29.Rxc5 Rxb4
30.Qxa6 Rb2 31.Rxc6 Qd7 32.Bxh5 Bxa5 33.Rd6 Qc7 34.Rc6 Qd7 35.Qc4 Bb6 36.Bxf7+ Kh7
37.Bg6+ Kh8 38.Rc8+ Bd8 39.Qf7  1-0

[Event "Tatran Cup"]
[Site "Stary Smokovec"]
[Date "1988.??.??"]
[Round "10"]
[White "Pribyl, Josef"]
[Black "Cvetkovic, Srdjan"]
[Result "1/2-1/2"]
[WhiteElo "2435"]
[BlackElo "2450"]

1.Nf3 d5 2.g3 Nf6 3.Bg2 e6 4.O-O Be7 5.b3 O-O 6.Bb2 b6 7.c4 Bb7 8.d3 c5 9.e3 Nc6
10.Qe2 dxc4 11.dxc4 Qc7 12.Nc3  1/2-1/2

[Event "Rilton Cup"]
[Site "Stockholm"]
[Date "1988.??.??"]
[Round "?"]
[White "Karlsson, Lars"]
[Black "Thorsteinsson, Thorsteinn"]
[Result "1/2-1/2"]
[WhiteElo "2520"]
[BlackElo "2290"]

1.Nf3 d5 2.g3 g6 3.Bg2 Bg7 4.O-O e6 5.d3 Ne7 6.Nc3 c5 7.Bg5 Nbc6 8.Qc1 h6
9.Bd2 e5 10.e4 d4 11.Nd5 Be6 12.Nxe7 Qxe7 13.Ne1 g5 14.c4 dxc3 15.Bxc3 O-O-O
16.Nc2 Kb8 17.Rd1 h5 18.Ne3 Nd4 19.Bxd4 Rxd4 20.a3 g4 21.Nf5 Bxf5 22.exf5 Rhd8
23.Qc2 Bh6 24.Be4 Bg5 25.b3 Qc7 26.Qe2 f6 27.Kg2 Rh8 28.Rab1 Qa5 29.b4 cxb4
30.Rxb4 Rxb4 31.axb4 Qb6 32.Rb1 Rc8 33.Qa2 h4 34.Qa5 Rc2 35.Qxb6 axb6 36.Kf1 b5
37.Bd5  1/2-1/2

[Event "Rilton Cup"]
[Site "Stockholm"]
[Date "1988.??.??"]
[Round "?"]
[White "Berkell, Peder"]
[Black "Sehner, Norbert"]
[Result "1/2-1/2"]
[WhiteElo "2300"]
[BlackElo "2415"]

1.Nf3 d5 2.g3 c6 3.Bg2 Bg4 4.c4 e6 5.b3 Nd7 6.Bb2 Ngf6 7.O-O Be7 8.d3 O-O
9.Nbd2 a5 10.a3 Re8 11.h3 Bh5 12.Ra2 Bf8 13.Qa1 Bxf3 14.Nxf3 Nc5 15.Bxf6 Qxf6
16.Qxf6 gxf6 17.cxd5 cxd5 18.Rb1 Rec8 19.Nd4 f5 20.Nb5 Na6 21.e4 Rc5 22.Nd4 dxe4
23.dxe4 Rd8 24.Ne2 fxe4 25.Bxe4 b6 26.b4 axb4 27.axb4 Re5 28.Rxa6 Rxe4 29.Nf4 b5
30.Rb6 Re5 31.Kg2 Rf5 32.Rb3 Rd4 33.Nd3 Rc4 34.h4 h5 35.Rb7 Bg7 36.Nf4 Bc3
37.Ra3 Rc8 38.Ra5 Bxb4 39.Raxb5 Bc5 40.Rd7 Ra8 41.Rc7 Bd6 42.Rxf5 exf5 43.Rc4 Bxf4
44.Rxf4 Ra5  1/2-1/2

[Event "DDR-ch (Women)"]
[Site "Stralsund"]
[Date "1988.??.??"]
[Round "1"]
[White "Hamm, Sylvia"]
[Black "Heintze, Marion"]
[Result "0-1"]
[WhiteElo "2100"]
[BlackElo "2185"]

1.Nf3 d5 2.g3 e6 3.Bg2 f5 4.d3 Nf6 5.O-O Bd6 6.c4 O-O 7.Qc2 Qe7 8.Bg5 Nbd7
9.cxd5 exd5 10.Nd4 Nb6 11.Nb5 c6 12.Nxd6 Qxd6 13.Bf4 Qe7 14.Bf3 Ng4 15.Qc1 Ne5
16.Bg2 Ng6 17.Be3 Nd7 18.f4 Re8 19.Bf2 Nf6 20.Re1 Bd7 21.Nd2 Ng4 22.Bc5 Qf7
23.e4 b6 24.Ba3 fxe4 25.dxe4 Qf6 26.Nb3 dxe4 27.Bxe4 Bf5 28.Qc4+ Be6 29.Qc2 Kh8
30.Rad1 Rad8 31.Nc1 Rxd1 32.Qxd1 Rd8 33.Qe2 Qd4+ 34.Kg2 Bd5 35.Nb3 Bxe4+
36.Kf1 Qd5 37.Qxe4 Nxh2+ 38.Kg2 Qxe4+ 39.Rxe4 Ng4 40.Nd4 Nf6 41.Nxc6 Rd2+
42.Kf3 Nxe4 43.Kxe4 Kg8 44.Nxa7 Nf8 45.Nb5 Nd7 46.Nc3 Kf7 47.g4 Nf6+ 48.Ke3 Rd7
49.Kf3 Rd3+ 50.Ke2 Rh3 51.g5 Nd7 52.Ne4 Ke6 53.Nf2 Rg3 54.Ne4 Rg1 55.Kf2 Ra1
56.Nc3 Kf5 57.Kg3 Rg1+ 58.Kf2 Rc1 59.Kg3 Rc2 60.Kf3 Rd2 61.Ke3 Rh2 62.Nd5 Rh3+
63.Ke2 Rh1 64.Nc3 h6 65.gxh6 gxh6 66.Bd6 h5 67.Kf3 Rc1 68.Ne2 Rf1+ 69.Kg2 Rd1
70.Bb4 Kg4 71.Bc3 Nc5 72.b3 Ne4 73.Bd4 Rd2 74.Kf1 Ng3+  0-1

[Event "Tbilisi"]
[Site "Tbilisi"]
[Date "1988.??.??"]
[Round "?"]
[White "Romanishin, Oleg M"]
[Black "Prandstetter, Eduard"]
[Result "1/2-1/2"]
[WhiteElo "2550"]
[BlackElo "2415"]

1.Nf3 d5 2.g3 Nf6 3.Bg2 e6 4.O-O Be7 5.d4 O-O 6.c4 Nbd7 7.Qd3 b6 8.cxd5 exd5
9.Nc3 Bb7 10.Bf4 Ne4 11.Rac1 c5 12.Qb1 Nxc3 13.bxc3 Re8 14.Rfd1 Bf6 15.e3 Qe7
16.g4 g6 17.h3 Bg7 18.Bg3 Rac8 19.a4 cxd4 20.cxd4 Qa3 21.Qa1 Bf8 22.Qxa3 Bxa3
23.Ra1 Bb4 24.Bf1 a5 25.Rdc1 Rxc1 26.Rxc1 Rc8 27.Rxc8+ Bxc8 28.Bb5 Nf6 29.Bc7 Bd7
30.Bxd7 Nxd7 31.Ne5 Nxe5 32.Bxe5 Kf8 33.Kf1 Ke7 34.Ke2 Bd6 35.Kd3 Kd7 36.Bxd6 Kxd6
37.f3 f5 38.gxf5 gxf5 39.e4 dxe4+ 40.fxe4 f4 41.e5+ Kd5 42.Ke2 b5 43.axb5 a4
44.b6 a3 45.b7 a2 46.b8=Q a1=Q 47.Qc7 Kxd4 48.Qd7+ Ke4 49.Qxh7+ Kd4 50.e6 Qa6+
51.Kf3 Qxe6 52.Kxf4 Qe3+ 53.Kg4 Qe2+ 54.Kg5 Qe3+ 55.Kg6 Qe4+ 56.Kg7 Qe7+  1/2-1/2

[Event "Thessaloniki ol (Men)"]
[Site "Thessaloniki"]
[Date "1988.??.??"]
[Round "2"]
[White "Braga, Cicero"]
[Black "Semkov, Semko"]
[Result "1-0"]
[WhiteElo "2340"]
[BlackElo "2445"]

1.g3 d5 2.Nf3 e6 3.Bg2 Nf6 4.O-O Be7 5.d3 Nbd7 6.Nbd2 O-O 7.e4 c6 8.Re1 Ne8
9.b3 a5 10.a4 Nc7 11.Bb2 b5 12.Nd4 Nb8 13.exd5 exd5 14.axb5 cxb5 15.c4 bxc4
16.bxc4 Ra6 17.Rxe7 Qxe7 18.Ba3 Qf6 19.Nb5 Bg4 20.Qb1 Nxb5 21.cxb5 Re6 22.Bxf8 Re2
23.Bc5 Rxd2 24.Qe1 h6 25.Bxd5 Be2 26.Rc1 Qb2 27.Ba3 Qxc1 28.Qxc1 Rd1+ 29.Qxd1 Bxd1
30.b6 Na6 31.Kf1 Bg4 32.Bd6 Bd7 33.b7 Bf5 34.Ke2 Kh7  1-0

[Event "Thessaloniki ol (Men)"]
[Site "Thessaloniki"]
[Date "1988.??.??"]
[Round "4"]
[White "Hug, Werner"]
[Black "Hort, Vlastimil"]
[Result "0-1"]
[WhiteElo "2445"]
[BlackElo "2595"]

1.Nf3 d5 2.g3 c5 3.Bg2 Nf6 4.O-O g6 5.d3 Nc6 6.Nc3 Bg7 7.Bg5 O-O 8.Nd2 Be6
9.e4 d4 10.Bxf6 Bxf6 11.Ne2 Bg7 12.a4 Qc7 13.f4 Rad8 14.b3 a6 15.f5 Bc8 16.Nf4 Nb4
17.Bh3 b5 18.Rf2 Bh6 19.Bg4 Kh8 20.axb5 axb5 21.Rc1 e5 22.fxe6 fxe6 23.e5 Qxe5
24.Qf1 Nd5 25.Nf3 Qg7 26.Nh4 Ne3 27.Qh3 Bxf4 28.gxf4 g5 29.Ng2 gxf4 30.Bf3 e5
31.Qh4 Rd6  0-1

[Event "Thessaloniki ol (Men)"]
[Site "Thessaloniki"]
[Date "1988.??.??"]
[Round "6"]
[White "Vogt, Lothar"]
[Black "Vera, Reynaldo"]
[Result "1-0"]
[WhiteElo "2485"]
[BlackElo "2455"]

1.Nf3 d5 2.g3 Nf6 3.Bg2 c6 4.O-O Bf5 5.b3 e6 6.Bb2 Be7 7.d3 h6 8.Nbd2 O-O
9.Re1 a5 10.e4 Bh7 11.a3 c5 12.exd5 exd5 13.Ne5 Nbd7 14.Ndf3 a4 15.Nxd7 Nxd7
16.bxa4 Nb6 17.Be5 Nxa4 18.Qb1 Ra7 19.Bb8 Qxb8 20.Rxe7 b6 21.Rxa7 Qxa7 22.Qb3 d4
23.Ne5 Nc3 24.Nc6 Qc7 25.Re1 b5 26.Ne7+ Kh8 27.Nd5 Nxd5 28.Qxd5 Qa5 29.Re5 Qxa3
30.Qxc5 Qc1+ 31.Bf1 Ra8 32.Kg2 Bg6 33.Be2 Kh7 34.Qxd4 Qxc2 35.h4 Ra4 36.Qd7 Qc3
37.Qxb5 Rd4 38.Re3 Rb4 39.Qa5 Qc6+ 40.Bf3  1-0

[Event "Tirnavia-C"]
[Site "Trnava"]
[Date "1988.??.??"]
[Round "1"]
[White "Tichy, Vladimir"]
[Black "Deev, Andrei"]
[Result "1/2-1/2"]
[WhiteElo "2370"]
[BlackElo "2335"]

1.Nf3 d5 2.g3 c5 3.Bg2 Nc6 4.d4 Nf6 5.O-O e6 6.c4 dxc4 7.Qa4 cxd4 8.Nxd4 Qxd4
9.Bxc6+ Bd7 10.Bxd7+ Qxd7 11.Qxc4 Rc8 12.Qb3 Bc5 13.Nc3 O-O 14.Bg5 Qc6 15.Rac1 Ne4
16.Nxe4 Qxe4 17.Qf3 Qe5 18.Be3 Bxe3 19.Qxe3 Qxb2 20.Rb1 Qxa2 21.Rxb7 a6 22.Qe5 Qc4
23.Ra1 Rc5 24.Qe3 Rd8 25.Ra7 Rc6 26.Qf4 Qxf4 27.gxf4 Rc2 28.e3 g6 29.R7xa6 Rdd2
30.Rf1 Re2 31.Ra5 Kg7 32.Re5 h6 33.Kg2 Kf6 34.h4 Red2 35.Kg3  1/2-1/2

[Event "Tirnavia-B"]
[Site "Trnava"]
[Date "1988.??.??"]
[Round "3"]
[White "Brestian, Egon"]
[Black "Tibensky, Robert"]
[Result "1/2-1/2"]
[WhiteElo "2395"]
[BlackElo "2390"]

1.Nf3 d5 2.g3 Nf6 3.Bg2 e6 4.O-O Be7 5.c4 O-O 6.d3 c5 7.Nc3 Nc6 8.a3 h6 9.Rb1 Re8
10.Qc2 Bf8 11.e3 Rb8 12.Bd2 b6  1/2-1/2

[Event "USA-ch"]
[Site "?"]
[Date "1988.??.??"]
[Round "?"]
[White "Miles, Anthony J"]
[Black "Dlugy, Maxim"]
[Result "1-0"]
[WhiteElo "2500"]
[BlackElo "2545"]

1.Nf3 d5 2.g3 Bg4 3.Bg2 c6 4.b3 e6 5.Bb2 Nf6 6.d3 Be7 7.O-O O-O 8.Nbd2 Bh5
9.c4 c5 10.cxd5 Nxd5 11.Rc1 Nd7 12.Ne4 Bg6 13.a3 Rc8 14.Rc2 Qb6 15.Nfd2 Qa6
16.Qa1 f6 17.Rfc1 Rcd8 18.Nc3 Nc7 19.Qb1 Bf7 20.Ba1 e5 21.b4 b6 22.Nc4 Rfe8
23.b5 Qc8 24.a4 Ne6 25.Ra2 Nd4 26.e3 Nf5 27.a5 Qb8 28.axb6 Nxb6 29.Na5 Bxa2
30.Qxa2+ Kh8 31.Nc6 Qc7 32.Nxd8 Rxd8 33.Qe6 Nd6 34.Bb2 c4 35.Ne4 Nxb5 36.dxc4 Na3
37.c5 Nbc4 38.Nd6 Bxd6 39.cxd6 Qxd6 40.Qxd6 Rxd6 41.Bxa3  1-0

[Event "Uzhgorod"]
[Site "Uzhgorod"]
[Date "1988.??.??"]
[Round "?"]
[White "Stratil, Ladislav Jr"]
[Black "Lputian, Smbat G"]
[Result "0-1"]
[WhiteElo "2415"]
[BlackElo "2540"]

1.Nf3 d5 2.g3 c6 3.Bg2 Bg4 4.O-O Nd7 5.d3 e5 6.Nbd2 Ngf6 7.e4 Bd6 8.h3 Bh5
9.Re1 O-O 10.g4 Bg6 11.Nh4 Re8 12.Nf5 Bf8 13.Nf1 Nc5 14.N1g3 dxe4 15.dxe4 Qxd1
16.Rxd1 h5 17.f3 Rad8 18.Bg5 hxg4 19.fxg4 Na4 20.Rxd8 Rxd8 21.Rb1 Rd7 22.Kf1 Ne8
23.Ne2 Nc7 24.b3 Nc5 25.Be3 a5 26.Ke1 N7a6 27.a3 Ne6 28.Bc1 Nac7 29.Bb2 Nb5
30.a4 Na3 31.Rc1 Bb4+ 32.Bc3 Nf4 33.Bxb4 Nxg2+ 34.Kf2 axb4 35.Kxg2 Rd2 36.Kf3 Nxc2
37.Ne3 Nd4+ 38.Nxd4 exd4 39.Nf5 Rd3+ 40.Kf4 Bxf5 41.gxf5 Rxb3 42.Rc4 d3 43.e5 Rb1
44.Ke3 Re1+ 45.Kxd3 Rxe5 46.Rxb4 b5 47.axb5 Rxb5 48.Rf4 Rb3+ 49.Kc4 Rxh3
50.f6 g6  0-1

[Event "Val Maubuee op"]
[Site "Val Maubuee"]
[Date "1988.??.??"]
[Round "?"]
[White "Lengyel, Levente"]
[Black "Renaudin, Jean Philippe"]
[Result "1/2-1/2"]
[WhiteElo "2375"]
[BlackElo "2000"]

1.Nf3 d5 2.g3 c5 3.Bg2 Nc6 4.d4 e6 5.O-O Nf6 6.c4 Be7 7.cxd5 exd5 8.Nc3 O-O
9.dxc5 Bxc5 10.Na4 Be7 11.Be3 Bg4 12.Rc1 Rc8 13.Bc5 Re8 14.Bxe7 Qxe7 15.Nc3 Rcd8
16.b3 d4 17.Nb5 Bxf3 18.Bxf3 Ne4 19.Re1 h5 20.Qd3 h4 21.g4 Qe5 22.Bxe4 Qxe4  1/2-1/2

[Event "Val Maubuee"]
[Site "Val Maubuee"]
[Date "1988.??.??"]
[Round "?"]
[White "Bilek, Istvan"]
[Black "Pergericht, Daniel"]
[Result "1/2-1/2"]
[WhiteElo "2410"]
[BlackElo "2325"]

1.Nf3 d5 2.g3 Nf6 3.Bg2 Bf5 4.d3 e6 5.Nbd2 h6 6.O-O Be7 7.b3 a5 8.a4 O-O
9.Bb2 c6 10.e3 Na6 11.Qe2 Nb4 12.e4 Bh7 13.Ne1 Re8 14.f4 b5 15.c3 Na6 16.e5 Nd7
17.axb5 cxb5 18.d4 Qb6 19.Rf2 Nc7  1/2-1/2